Textes légaux absurdes, surprenants ou obsolètes en France... - Statistiques

Statistiques générales
  • Ce quiz a été pris 64 fois
  • Le résultat moyen est 8 sur 15
Statistiques - réponses
Question Réponse % Correct
Quelle commune de France a interdit l'atterrissage des OVNI par décret ? Châteauneuf-du-Pape
100%
Il est interdit d'appeler son cochon... Napoléon
100%
Jusqu'en 2013, il était en principe interdit aux femmes de Porter un pantalon sauf pour monter à cheval ou faire du vélo
100%
Il est possible de faire un chèque... Sur n'importe quel papier vierge
100%
Quel pourcentage de créations françaises, en chanson, doivent diffuser les radions en France entre 8 et 20 heures ? 70 %
50%
Jusqu'en 2012, il était interdit... A une femme de s'habiller en homme sauf accord d'un médecin
50%
Un animal insolite est interdit sur la plage de Granville... Il s'agit de... l'éléphant
50%
Laquelle parmi ces boissons est interdite sur le lieu de travail ? Le pastis
50%
Il est interdit de monter sur une échelle pour travailler à la taille d'arbres ou à la cueillette de fruit si on est mineur
50%
On peut voter pour un candidat décédé avant les élections ? oui, s'il meurt après publication des candidatures
50%
Même si au moins 25 salariés en font la demande, un patron n'est pas tenu de mettre à leur disposition... Un congélateur
50%
On ne peut photographier... Un véhicule de police
50%
Depuis des siècles les François doivent en principe avoir toujours chez eux, au cas où le roi passerait... Du foin
0%
Pourquoi le ketchup est-il interdit dans les cantines en France ? parce que c'est un produit américain
0%
Il est illégal de s'embrasser sur la bouche... Sur un quai de gare
0%
Aucun quiz correspondant
Distribution des résultats
% des personnes avec chaque résultat
Percentile par nombre de réponses
Votre historique - résultats
Vous n’avez pas pris ce quiz